Central Library OPAC University of Rajshahi

ভারতে বৃটিশ রাজত্বের শেষ দিনগুলো / (Record no. 71103)

MARC details
000 -LEADER
fixed length control field 01038nam a2200241 a 4500
001 - CONTROL NUMBER
control field 71103
003 - CONTROL NUMBER IDENTIFIER
rucl marc code BD-RjUL
005 - DATE AND TIME OF LATEST TRANSACTION
control field 20211209082058.0
008 - FIXED-LENGTH DATA ELEMENTS--GENERAL INFORMATION
fixed length control field 170426r19881977bg ||||| b||| 00| 0 ben d
035 ## - SYSTEM CONTROL NUMBER
System control number (BD-RjUL)71318
040 ## - CATALOGING SOURCE
Original cataloging agency BD-RjUL
Language of cataloging eng
Transcribing agency BD-RjUL
041 ## - LANGUAGE CODE
Language code of text/sound track or separate title eng
082 ## - DEWEY DECIMAL CLASSIFICATION NUMBER
Edition number 23
Classification number 954.03
Author mark and year MOV 1988
100 ## - MAIN ENTRY--PERSONAL NAME
Personal name মোজলে, লিওনার্দ
9 (RLIN) 210371
245 ## - TITLE STATEMENT
Title ভারতে বৃটিশ রাজত্বের শেষ দিনগুলো /
Statement of responsibility, etc. লিওনার্দ মোজলে ; অনুবাদ মোয়াজ্জম হোসেন
260 ## - PUBLICATION, DISTRIBUTION, ETC. (IMPRINT)
Place of publication, distribution, etc. ঢাকা :
Name of publisher, distributor, etc. বাংলা একাডেমী,
Date of publication, distribution, etc. ১৯৮৮.
300 ## - PHYSICAL DESCRIPTION
Pagination [ছয়] ৩০৮ পৃ. ;
Size ২০ সেমি.
504 ## - BIBLIOGRAPHY, ETC. NOTE
Bibliography, etc গ্রন্থপঞ্জি সংযুক্ত
650 ## - SUBJECT ADDED ENTRY--TOPICAL TERM
Topical term or geographic name as entry element ভারত
General subdivision ইতিহাস
Chronological subdivision ১৭৮৫-১৯৪৭
9 (RLIN) 210935
Topical term or geographic name as entry element India
General subdivision History
Chronological subdivision 1785-1947
9 (RLIN) 210936
700 ## - ADDED ENTRY--PERSONAL NAME
Personal name হোসেন, মোয়াজ্জম
942 ## - ADDED ENTRY ELEMENTS (KOHA)
Source of classification or shelving scheme Dewey Decimal Classification
Koha item type Books
Holdings
Lost status Source of classification or shelving scheme Damaged status Not for loan Collection code Permanent Location Current Location Shelving location Date acquired Source of acquisition Cost, normal purchase price Total Checkouts Full call number Date last seen Copy number Koha item type
  Dewey Decimal Classification   Not For Loan Non-fiction Central Library, University of Rajshahi Central Library, University of Rajshahi Reading Room 28/09/1992 Bangla Academy, Dhaka. 0.00   B 954.03 MOV 1988 26/04/2017 C-1 Books